000 00484nam a2200145 a 4500
001 000031603
005 20240307183814.0
008 110628s19uu dr 000 0 spa d
040 _aDO-SdBNP
_bspa
_cBNPHU
100 1 _a Matos G., Ramiro‏
_q(Matos González)
_d1927-
_937780
245 1 3 _aLa subversión en América Latina y la vigencia de las fuerzas armadas /
_cRamiro Matos González.
260 _a[Santo Domingo] :
_b[s.n],
_c[19uu]?
300 _a12 p. ;
_c23 cm.
049 _aBNPD
999 _c31095
_d31095